000 00416nam a2200205Ia 4500
001 12725
003 GE_BSU
008 181216s||||||||xx |||||||||||||| ||und||
020 _a9780552157803
040 _cGE_BSU
080 _a821.111-32
100 _aCooper,Jilly
245 _aJump!
260 _aLondon
260 _bCorgi books
260 _c2010
300 _a925p.20cm.
653 _aJump!
942 _cBK
999 _c45896
_d45896